Complete the Card - WWE Unforgiven 2004 - Statistics

General Stats
  • This quiz has been taken 9 times
  • The average score is 14 of 18
Answer Stats
Answer % Correct
Batista
100%
Chris Benoit
100%
Chris Jericho
100%
Christian
100%
Kane
100%
Randy Orton
100%
Ric Flair
100%
Shawn Michaels
100%
Triple H
100%
Trish Stratus
100%
Victoria
100%
William Regal
100%
Robert Conway
67%
Sylvain Grenier
67%
Rhyno
33%
Tajiri
33%
Steven Richards
0%
Tyson Tomko
0%
No matching quizzes found
Score Distribution
Percent of People with Each Score
Percentile by Number Answered
Your Score History
You have not taken this quiz